La Bretagne, ça vous gagne - Statistiques

Statistiques générales
  • Ce quiz a été pris 113 fois
  • Le résultat moyen est 12 sur 20
Statistiques - réponses
Questions Réponses % Correct
Quelle ville de Bretagne a le plus d'habitants? Rennes
98%
Quelle est la préfecture du Finistère ? Quimper
96%
Dans quelle ville du Morbihan se déroule le festival interceltique annuel ? Lorient
92%
Département le plus à l'ouest de la région Le Finistère
91%
Département le plus au sud de la région Le Morbihan
91%
Forêt bretonne dans laquelle réside beaucoup de légendes, notamment Merlin L'Enchanteur Brocéliande
88%
Quel est le numéro du département des Côtes d'Armor ? 22
87%
Célèbre chanteuse d'origine bretonne ayant participé à la star académie Nolwenn Leroy
87%
Femme d'histoire ayant aidé la France a faire acquisition de la Bretagne? Anne De Bretagne
81%
Quel est l'animal emblématique de la Bretagne ? L'Hermine
80%
Quelle est la plus grande île de Bretagne? Belle île
75%
Symbole celte à 3 branches Le Triskell
65%
Boisson traditionnelle ressemblante à de l'hydromel Le Chouchen
64%
Comment s'appelle la haute coiffe cylindrique traditionnelle de Bretagne ? La Bigoudène
45%
En quelle année la Bretagne se joint elle à la France ? 1532
31%
La Bretagne est une ... péninsule
27%
Parc d'attraction situé à 12km de Pluméliau ? Kingoland
15%
Nom du pont à l'entrée de Brest Le pont de l'Iroise
11%
Quel est le point le plus à l'Ouest de la Bretagne ? La pointe du Corsen
10%
Longueur des côtes bretonnes (îles incluses) 2730 km
0%
Aucun quiz correspondant
Distribution des résultats
% des personnes avec chaque résultat
Percentile par nombre de réponses
Votre historique - résultats
Vous n’avez pas pris ce quiz